Mechanism Design

গ্রন্থ-পঞ্জীর বিবরন
প্রধান লেখক: Rakesh V. Vohra
বিন্যাস: বৈদ্যুতিক বৈদ্যুতিন গ্রন্থ
ভাষা:English
প্রকাশিত: Cambridge University Press, 01/05/2013
সংস্করন:1
মালা:Econometric Society Monographs
বিষয়গুলি:
অনলাইন ব্যবহার করুন:Full text available on Cambridge University Press
Off-campus access
LEADER 01249pam a2200313 a 4500
001 AALebookCAM001183
003 BD-DhAAL
006 m||||||||d||||||||
007 cr||||||||||||
008 221123s9999 xxuabf fo j 001 0 eng d
020 |a 9780521179461 
020 |a 9781107004368 
040 |a BD-DhAAL  |c BD-DhAAL 
100 1 |a Rakesh V. Vohra 
245 0 0 |h [electronic resource]  |a Mechanism Design 
250 |a 1 
260 |b Cambridge University Press,  |c 01/05/2013 
300 |a 1 online resource 
490 1 |a Econometric Society Monographs 
500 |a <strong>Off-Campus Access:</strong> Athens ID and Password Required 
500 |a <strong>On-Campus Access:</strong> No User ID or Password Required 
506 |a Electronic access restricted to authorized BRAC University faculty, staff and students 
538 |a Mode of access: Internet 
650 4 |a Microeconomics 
650 4 |a Optimization 
655 7 |a Electronic books  |2 Library of Congress 
830 0 |a Econometric Society Monographs 
856 4 0 |z Full text available on Cambridge University Press  |u http://dx.doi.org/10.1017/CBO9780511835216 
856 4 0 |z Off-campus access  |u https://go.openathens.net/redirector/bracu.ac.bd?url=http%3A%2F%2Fdx.doi.org%2F10.1017%2FCBO9780511835216